[Event "Muensterland Verbandsklasse-A 1213"]
[Site "Germany"]
[Date "2012.11.17"]
[Round "3.7"]
[White "Wessel, Johannes"]
[Black "Harms, Heiko"]
[Result "1-0"]
[WhiteElo "1788"]
[BlackElo "1443"]
[PlyCount "37"]
[EventDate "2012.09.15"]
[EventType "team-tourn"]
[EventRounds "9"]
[EventCountry "GER"]
[SourceTitle "EXT 2015"]
[Source "ChessBase"]
[SourceDate "2014.11.20"]
[SourceVersion "1"]
[SourceVersionDate "2014.11.20"]
[SourceQuality "1"]
[WhiteTeam "Steinfurt"]
[BlackTeam "Nienberge II"]
[WhiteTeamCountry "GER"]
[BlackTeamCountry "GER"]

1. e4 e5 2. Nf3 Nc6 3. Bc4 Nf6 4. Ng5 d5 5. exd5 Nxd5 6. Nxf7 Kxf7 7. Qf3+ Ke6 8. Nc3 Ncb4 9. 0-0 c6 10. d4 Nxc2 11. Qe4 Nxd4 12. Re1 Bd6 13. Qxd4 Rf8 14. Nxd5 cxd5 15. Qxd5+ Kf6 16. Qf3+ Bf5 17. g4 Kg6 18. gxf5+ Rxf5 19. Bd3 1-0